Madhbaḥ al-Marrīkh /

محفوظ في:

المؤلف الرئيسي: Ṣarrūf, Fuʾād, 1900-1985 (مؤلف)

التنسيق: كتاب

اللغة: Arabic

منشور في: Miṣr : Maṭbaʻat al-Maʻārif, [1943].

سلاسل: Iqraʼ ; 3.

الموضوعات:

الوسوم: إضافة وسم

لا توجد وسوم, كن أول من يضع وسما على هذه التسجيلة!

رقم الطلب: U105 .S2 1943

LEADER 00894nam a2200241Ia 4500
003 OSt
005 20240324081004.0
008 130303s1943 ua 000 0 ara d
952 |0 0  |1 0  |2 lcc  |4 0  |6 U0105 S2 01943  |7 1  |9 30754  |a ARCE  |b ARCE  |d 2022-01-25  |l 0  |o U105 .S2 1943  |p 1034054  |r 2022-01-25 00:00:00  |w 2022-01-25  |y BK 
999 |c 29344  |d 29344 
040 |c ARCE Library 
050 4 |a U105 .S2 1943 
100 1 |6 880-01  |a Ṣarrūf, Fuʾād,  |d 1900-1985,  |e author 
245 1 0 |6 880-02  |a Madhbaḥ al-Marrīkh /   |c Fuʼād Ṣarrūf. 
264 1 |a Miṣr :  |b Maṭbaʻat al-Maʻārif,   |c [1943]. 
300 |a 150 pages ;  |c 17 cm. 
490 1 |a Iqraʼ ;   |v 3. 
650 0 |a War and civilization. 
830 0 |a Iqraʼ ;  |v 3. 
880 1 |6 100-01/(3/r  |a صروف، فؤاد،‪‪‪‪‪‪‪‪‪  |d 1900-1985. 
880 1 0 |6 245-02/(3/r  |a مذبح المريخ   |c فؤاد صروف 
901 |a reviewed 
942 |c BK  |2 lcc